| 000 | 00493nam a2200217Ia 4500 | ||
|---|---|---|---|
| 003 | 0100 | ||
| 008 | 130307s9999 xx 000 0 und d | ||
| 040 | _cARRUPELIB | ||
| 050 | _aDS422.C3J35 1998 | ||
| 100 | _aJaiswal, Suvira | ||
| 245 | _aCaste | ||
| 245 | _borigin, function and dimensions of change | ||
| 260 | _aNew Delhi | ||
| 260 | _bManohar | ||
| 260 | _c1998 | ||
| 300 | _a278p. | ||
| 300 | _b23 cm. | ||
| 650 | _aHISTORY | ||
| 650 | _bJesuits--Constitutions | ||
| 942 | 0 | 0 | _01 |
| 999 |
_c99450 _d99450 |
||